000 00350cam a22001337a 4500
008 180718b2005 xxu||||| |||| 00| 0 eng d
020 _a8178353261
082 _aD1x54 G959
100 _aGupta, Om
245 _aDiplomacy: initiatives and responses
_cby Om Gupta
260 _aDelhi
_bKalpaz
_c2005
300 _a265p.
650 _aWorld-relation-India
999 _c493706
_d493706